[Event "FIDE Online-ch U14 Open 2020"]
[Site "Online"]
[Date "2020.12.19"]
[Round "1.1"]
[White "Gukesh D"]
[Black "Simpson, Michael M"]
[Result "1-0"]
[WhiteElo "2563"]
[BlackElo "1995"]
[Annotator "TA"]
[PlyCount "97"]
[EventDate "2020.12.19"]
[EventType "k.o."]
[EventCountry "NET"]
[SourceTitle "playchess.com"]
[Source "ChessBase"]
[SourceQuality "1"]

{[%evp 9,97,13,19,20,24,20,21,12,4,9,12,5,6,0,7,2,10,0,0,0,7,0,4,6,8,2,9,5,76,37,187,179,186,192,190,194,179,175,221,209,252,259,339,331,409,315,479,295,359,332,530,412,414,410,412,403,543,528,497,472,446,449,503,501,493,488,528,511,522,485,457,485,632,608,1262,1192,1751,1850,2355,1644,1611,1569,29980,29981,29985,29986,29986,29987,29985,29985]} 1. d4 d5 2. Nf3 Nc6 3. Bf4 Bf5 4. e3 e6 5. Bd3 Bg6 6. O-O {D02: 1 d4 d5 2 Nf3 sidelines, including 2...Nf6 3 g3 and 2...Nf6 3 Bf4.} Bd6 7. Bxd6 {[#] Black must now prevent Ba3.} cxd6 $146 ({Predecessor:} 7... Qxd6 8. a3 Nf6 9. Nbd2 O-O 10. Rc1 Bh5 11. c4 Rfe8 12. Qc2 e5 13. cxd5 Qxd5 {1-0 (29) Rivera,I (2153)-Mendez,M San Andres Islas 2008}) 8. c4 {The position is equal.} Bxd3 9. Qxd3 dxc4 10. Qxc4 d5 11. Qd3 Nf6 12. Nbd2 O-O 13. a3 Rc8 14. Rfc1 Qd7 15. Rc2 Ne7 16. Ne5 Qd6 17. Rac1 Rxc2 18. Qxc2 {White wants to play Qc7.} Ng6 (18... Qa6 $11) 19. Qc7 Ne8 {This costs Black the game.} (19... Qa6 $14) 20. Qxb7 $18 {aiming for Nd7.} Nxe5 21. dxe5 Qxe5 22. Nf3 ({Not} 22. Qxa7 $2 Qxb2 23. Rc8 Qxd2 $19) 22... Qf6 23. Nd4 ({Stronger than} 23. Qxa7 Qxb2 24. Rf1 Nd6 $11) 23... e5 24. Nc6 Nd6 25. Qxa7 Ne4 26. f3 Nd2 27. Qe7 Qg6 (27... Nc4 {was called for.}) 28. Nxe5 Qf5 29. Qb4 Nc4 (29... Qxe5 $142 30. Qxd2 g6) 30. Nxc4 dxc4 31. Qxc4 {[%mdl 4096] Endgame KQR-KQR} Qe5 32. Qd4 Qb5 33. h4 h6 34. b4 Ra8 35. Qe4 Rb8 36. Kh2 Qa6 37. Qf4 Ra8 38. Rc7 Rf8 39. Rc3 Ra8 40. Qe5 Qb6 41. b5 {[%cal Bb4b5,Bb5b6][%mdl 32]} Qg6 42. Rc6 Qd3 43. b6 Qb3 44. Qf5 g6 45. Qf4 Kg7 {[#]} 46. h5 $1 {White mates.} Qd5 (46... gxh5 47. Rxh6) 47. Qf6+ Kg8 48. hxg6 Qh5+ 49. Kg1 {Weighted Error Value: White=0.19/Black=0.45} 1-0

[Event "FIDE Online-ch U14 Open 2020"]
[Site "Online"]
[Date "2020.12.19"]
[Round "1.2"]
[White "Murzin, Volodar"]
[Black "Mohamed Abderrahim, Taleb Mohamed"]
[Result "1-0"]
[WhiteElo "2470"]
[BlackElo "1811"]
[Annotator "TA"]
[PlyCount "31"]
[EventDate "2020.12.19"]
[EventType "k.o."]
[EventCountry "NET"]
[SourceTitle "playchess.com"]
[Source "ChessBase"]
[SourceQuality "1"]

{[%evp 9,25,43,67,33,25,22,49,22,21,18,53,47,237,246,266,281,232,242]} 1. e4 d5 2. exd5 Qxd5 3. Nc3 Qd8 4. d4 c6 5. Nf3 Bf5 6. Bc4 {B01: Scandinavian Defence.} e6 7. O-O Nf6 8. Re1 {White is slightly better.} (8. Nh4 $5 {[%cal Rh4f5]}) 8... Be7 9. h3 O-O 10. Nh4 Bxc2 $2 {[#]} (10... Bg6 $14) 11. Qxc2 $18 Qxd4 12. Ne4 Nxe4 13. Rxe4 {[#]  Weighted Error Value: White=0.12/Black=0.44} {Predecessor:} Qf6 $146 14. Nf3 Qg6 15. Bd3 f5 16. Rxe6 {1-0 (16) Bajart,S (1920)-Jaunet,M (1930) France 2003} 1-0

[Event "FIDE Online-ch U14 Open 2020"]
[Site "Online"]
[Date "2020.12.19"]
[Round "1.2"]
[White "Aditya Mittal"]
[Black "Hernandez Izquierdo, Jose A."]
[Result "1/2-1/2"]
[WhiteElo "2438"]
[BlackElo "2054"]
[Annotator "RC"]
[PlyCount "69"]
[EventDate "2020.12.19"]
[EventType "k.o."]
[EventCountry "NET"]
[SourceTitle "playchess.com"]
[Source "ChessBase"]
[SourceQuality "1"]

1. d4 {[%emt 0:00:00]} f5 {[%emt 0:00:05]} 2. g3 {[%emt 0:00:02]} Nf6 {[%emt 0:00:03]} 3. Bg2 {[%emt 0:00:01]} g6 {[%emt 0:00:02]} 4. Nf3 {[%emt 0:00:01]} Bg7 {[%emt 0:00:02]} 5. O-O {[%emt 0:00:01]} O-O {[%emt 0:00:02]} 6. b3 {[%emt 0:00:01]} d6 {[%emt 0:00:12]} 7. Bb2 {[%emt 0:00:02]} c6 {[%emt 0:00:05]} 8. c4 {[%emt 0:00:19]} Na6 {[%emt 0:00:39]} 9. Nbd2 {[%emt 0:00:16]} Kh8 {[%emt 0:00:25]} 10. a3 {[%emt 0:00:15]} Nc7 {[%emt 0:00:10]} 11. Qc2 {[%emt 0:00:17]} Nh5 {[%emt 0:01:24]} 12. e3 {[%emt 0:01:48]} Be6 {[%emt 0:01:05]} 13. Rad1 {[%emt 0:00:34]} Bg8 {[%emt 0:00:34]} 14. e4 {[%emt 0:01:07]} f4 {[%emt 0:02:30]} 15. g4 {[%emt 0:00:15]} Nf6 {[%emt 0:00:02]} 16. h3 {[%emt 0:00:07]} Nd7 {[%emt 0:00:02]} 17. d5 {[%emt 0:02:38]} e5 {[%emt 0:00:36]} 18. dxe6 {[%emt 0:00:18]} Nxe6 {[%emt 0:00:04]} 19. Bxg7+ {[%emt 0:02:03]} Nxg7 {[%emt 0:00:03]} 20. Rfe1 {[%emt 0:00:39]} Ne5 {[%emt 0:00:17]} 21. c5 {[%emt 0:00:03]} Qe7 {[%emt 0:01:02]} 22. cxd6 {[%emt 0:01:21]} Qxd6 {[%emt 0:00:02]} 23. Nxe5 {[%emt 0:01:20]} Qxe5 {[%emt 0:00:05]} 24. Nf3 {[%emt 0:00:01]} Qe7 {[%emt 0:00:03]} 25. Qb2 {[%emt 0:00:46]} Rad8 {[%emt 0:00:17]} 26. b4 {[%emt 0:00:47]} Rxd1 {[%emt 0:02:50]} 27. Rxd1 {[%emt 0:00:02]} Qxe4 {[%emt 0:00:05]} 28. Ne5 {[%emt 0:02:06]} f3 {[%emt 0:01:01]} 29. Bxf3 {[%emt 0:00:03]} Rxf3 {[%emt 0:03:00]} 30. Nxf3 {[%emt 0:00:03]} Qxf3 {[%emt 0:00:16]} 31. Rd7 {[%emt 0:00:07]} Bf7 {[%emt 0:00:21]} 32. Rd8+ {[%emt 0:00:10]} Bg8 {[%emt 0:00:07]} 33. Rd7 {[%emt 0:00:08]} Bf7 {[%emt 0:01:01]} 34. Rd8+ {[%emt 0:00:12]} Bg8 {[%emt 0:00:02]} 35. Rd7 {[%emt 0:00:01]} 1/2-1/2

[Event "FIDE Online-ch U14 Open 2020"]
[Site "Online"]
[Date "2020.12.19"]
[Round "1.2"]
[White "Daneshvar, Bardiya"]
[Black "Soderstrom, Adrian"]
[Result "1-0"]
[WhiteElo "2399"]
[BlackElo "2258"]
[Annotator "TA"]
[PlyCount "95"]
[EventDate "2020.12.19"]
[EventType "k.o."]
[EventCountry "NET"]
[SourceTitle "playchess.com"]
[Source "ChessBase"]
[SourceQuality "1"]

{[%evp 20,95,21,19,19,21,23,26,16,25,18,3,21,23,16,29,64,53,60,64,59,57,57,57,64,34,107,107,104,105,241,236,268,265,289,95,95,100,104,103,129,129,146,130,357,368,293,291,503,543,555,495,466,458,1139,1139,1047,805,1139,1139,1110,1096,1085,1005,2091,650,2037,1679,29986,29986,29988,29989,29990,29991,29992,29993,29993,29994]} 1. Nf3 Nf6 2. c4 g6 3. Nc3 Bg7 4. e4 d6 5. d4 O-O 6. Be2 e5 7. O-O Nc6 8. dxe5 dxe5 9. Bg5 Qxd1 10. Rfxd1 Bg4 11. h3 Bxf3 {E97: King's Indian: Classical Main Line (6...e5 7 0-0 Nc6): 8 Be3 and 8 d5 Ne7, not 9 Ne1.} 12. Bxf3 Nd4 13. Nd5 Nxd5 {White has an edge.} 14. cxd5 f5 15. Be3 Nc2 16. Rac1 Nxe3 17. fxe3 {[#]} Rac8 $146 ({Predecessor:} 17... Rf7 18. exf5 gxf5 19. d6 c6 20. Be2 Rf6 21. e4 Bh6 22. Rc4 Rd8 23. exf5 Rfxd6 {0-1 (40) Hejlik,R (1880)-Danes,J (2060) Klatovy 2001}) 18. exf5 gxf5 19. e4 Bh6 20. Rc3 fxe4 21. Bxe4 Rf4 22. Re1 (22. Bc2 {is more complex.} Rff8 23. g4 e4 24. Bxe4 Rce8 25. Bf5) 22... Rf6 {[#]} (22... Bf8 $14) 23. Rf1 $1 $16 {[%cal Rf1f6]} Rxf1+ 24. Kxf1 {[%mdl 4096] Endgame KRB-KRB} Bf8 (24... Bd2 $16) 25. Bf5 $18 Rb8 26. Rxc7 h5 27. Rc8 $2 (27. Ke2 $18 {is more deadly.}) 27... Rxc8 $16 28. Bxc8 {KB-KB} b6 29. Ke2 h4 30. Kf3 Kf7 31. Kg4 Bd6 $2 (31... Be7 $16 32. Bf5 Bf6) 32. Kxh4 $18 e4 33. Kg5 Be5 $2 (33... a5 {is a better defense.} 34. Ba6 e3) 34. b3 Ke7 35. Kf5 e3 36. Ba6 Bg7 (36... Bg3 $142 37. Kg4 Bd6) 37. g4 Kd6 38. Ke4 Bh6 39. h4 Kc5 40. Be2 Bf8 41. Kxe3 Kb4 42. Kd2 Ka3 43. g5 Be7 44. g6 {White mates.} Bf8 {[#]} 45. d6 $1 Bh6+ (45... Bxd6 46. g7) 46. Kc2 Bg7 47. d7 Bf6 {[#]} 48. g7 $1 {Accuracy: White = 81%, Black = 47%.} 1-0

[Event "FIDE Online-ch U14 Open 2020"]
[Site "Online"]
[Date "2020.12.19"]
[Round "1.2"]
[White "Klimkowski, Jan"]
[Black "Pranav Vijay"]
[Result "0-1"]
[WhiteElo "2305"]
[BlackElo "2265"]
[Annotator "TA"]
[PlyCount "90"]
[EventDate "2020.12.19"]
[EventType "k.o."]
[EventCountry "NET"]
[SourceTitle "playchess.com"]
[Source "ChessBase"]
[SourceQuality "1"]

{[%evp 24,90,0,0,38,37,83,83,68,0,26,35,37,29,31,48,44,0,0,3,0,0,18,-11,-36,-87,-85,-123,-113,-106,-74,-84,-115,-63,-77,-129,-105,-95,-98,-50,0,-636,-633,-1505,-1510,-1458,-1370,-2117,-2089,-2307,-2180,-2685,-5093,-29987,-29987,-29986,-29987,-29991,-29991,-29991,-29992,-29992,-29993,-29993,-29994,-29994,-29995,-29995,-29995]} 1. e4 e5 2. Nf3 Nc6 3. Bb5 a6 4. Ba4 Nf6 5. O-O b5 6. Bb3 Bc5 7. c3 d6 8. d4 Bb6 9. Be3 O-O 10. Nbd2 h6 11. h3 Bb7 12. Re1 exd4 13. cxd4 Nb4 {C78: Ruy Lopez: Archangelsk and Möller Defences.} 14. Qb1 c5 15. a3 $1 {[%cal Ra3b4]} Nc6 {[%cal Rc5d4] White is better.} 16. d5 ({Better is} 16. e5 $1 $14 dxe5 17. dxc5) 16... Ne5 17. Nxe5 dxe5 {[#]} 18. Nf3 $146 ({Predecessor:} 18. Qd1 c4 19. Bc2 Rc8 20. Nf1 a5 21. Qf3 Re8 22. Ng3 Bxe3 23. Rxe3 g6 24. Ne2 {0-1 (60) Zhou,L (2128)-Rodriguez Redondo,A (2183) Los Cancajos 2020}) 18... Re8 19. Bc2 Nh5 20. Bd3 Rc8 21. Bf1 f5 22. exf5 e4 23. Nd2 Nf6 24. a4 ({White should try} 24. b4 $15) 24... Nxd5 $17 25. Rd1 Nxe3 26. fxe3 Qg5 27. axb5 Qxe3+ 28. Kh1 {aiming for Nc4.} Qf4 29. Bc4+ (29. bxa6 $142 Bc6 30. Bc4+ Kh8 31. Qc2) 29... Kh8 30. bxa6 {[#]} Ba8 $1 31. Qc2 e3 $40 {[%mdl 128] Black attacks.} (31... Bc7 $5 32. Nf1 $8 Qxf5 $15) 32. Nf1 $2 {[%mdl 8192] [#]} (32. Nf3 $11) 32... e2 $1 $19 {[%mdl 576] ( -> ...Qf2). Decoy} 33. Bxe2 {[#]} Qf2 $1 {[%csl Ga8,LRe2,LRg2][%cal Rf2g2][%mdl 576] Double Attack} 34. Bf3 Qxc2 35. Bxa8 Rxa8 36. Nd2 c4 37. Rac1 Qxf5 38. Nxc4 Bc7 {Black mates.} 39. Rf1 Qg5 40. Rc3 Re2 {[%csl Ge2][%cal Rg5g2]} 41. Ne3 Be5 42. Ng4 Bxc3 43. bxc3 h5 44. Nf2 Rxa6 45. c4 Raa2 {Weighted Error Value: White=1.11/Black=0.07} 0-1

[Event "FIDE Online-ch U14 Open 2020"]
[Site "Online"]
[Date "2020.12.19"]
[Round "1.2"]
[White "Khubukshanov, Erdem"]
[Black "Guo, Arthur"]
[Result "0-1"]
[WhiteElo "2293"]
[BlackElo "2358"]
[Annotator "TA"]
[PlyCount "74"]
[EventDate "2020.12.19"]
[EventType "k.o."]
[EventCountry "NET"]
[SourceTitle "playchess.com"]
[Source "ChessBase"]
[SourceQuality "1"]

{[%evp 14,74,44,4,10,-37,-35,-47,-10,0,-8,-38,-40,-52,-47,-56,-38,-52,0,0,-8,-103,-106,-76,2,-80,-87,-74,-26,-73,-72,-141,-111,-132,-26,-133,-126,-104,-85,-109,-125,-177,-156,-214,-137,-186,-181,-191,-179,-173,-172,-314,-193,-148,-171,-159,-193,-345,-333,-709,-705,-696,-691]} 1. e4 c5 2. Nf3 d6 3. Bb5+ Nd7 4. O-O Ngf6 5. Re1 a6 6. Bf1 b6 7. d4 cxd4 8. Qxd4 Bb7 {[#] B51: Sicilian: Moscow Variation (3 Bb5+) without 3...Bd7.} 9. Nbd2 $146 ({Predecessor:} 9. Nc3 e6 10. Bg5 Be7 11. Rad1 Qc7 12. a4 Rc8 13. h3 O-O 14. Qe3 h6 15. Bh4 Rfd8 16. Bg3 {0-1 (26) Bacrot,E (2708)-Karjakin,S (2781) Paris 2017}) 9... e5 10. Qe3 Nc5 {Black is slightly better.} 11. Bd3 Be7 12. c4 O-O 13. b4 Nxd3 14. Qxd3 a5 15. b5 Nh5 (15... g6 $15) 16. g3 $11 g6 17. Ba3 (17. Nb1 $11) 17... f5 $17 18. Rad1 {[#]} Qc7 (18... Rf7 $1 $17) 19. Qe2 (19. exf5 $1 $11 {remains equal.} gxf5 20. Nb1) 19... Ng7 20. exf5 gxf5 21. Nb1 Rac8 22. Rc1 (22. Nfd2 $142) 22... f4 {Hoping for ...fxg3.} 23. Nbd2 Nf5 (23... Qd7 $17 {White must now prevent ...Qh3.} 24. Ne4 Qe6) 24. Ne4 (24. gxf4 $11 {keeps the balance.} Kh8 25. Bb2) 24... fxg3 25. fxg3 Qd7 26. Rf1 {[#]} Qe6 $1 $36 {[%mdl 2048] Black is in control.} 27. Bb2 (27. Qd3 $17) 27... Qg6 28. Rf2 (28. Rce1 $17 {keeps fighting.}) 28... h5 29. Rcf1 h4 {[%cal Rf5g3]} 30. g4 {White wants to play Nxe5.} Ng7 ({And not} 30... Qxg4+ 31. Rg2 $11) 31. Nfd2 Ne6 32. Qe3 (32. Rxf8+ {might work better.} Rxf8 33. Rxf8+ Kxf8 34. Qf3+ Ke8 35. Qf5 Qxf5 36. gxf5) 32... h3 ({Not} 32... Qxg4+ $2 33. Rg2 $18) 33. Rxf8+ Rxf8 34. Rxf8+ Bxf8 35. g5 $2 (35. Qf3 {only move.}) 35... Be7 $19 {[%cal Re6g5]} 36. Qxh3 $2 (36. Kf1) 36... Nxg5 37. Qg3 Bxe4 {Weighted Error Value: White=0.58/Black=0.24} 0-1

[Event "FIDE Online-ch U14 Open 2020"]
[Site "Online"]
[Date "2020.12.19"]
[Round "1.2"]
[White "Issani, Nameer"]
[Black "Lazavik, Denis"]
[Result "0-1"]
[WhiteElo "2070"]
[BlackElo "2436"]
[Annotator "TA"]
[PlyCount "74"]
[EventDate "2020.12.19"]
[EventType "k.o."]
[EventCountry "NET"]
[SourceTitle "playchess.com"]
[Source "ChessBase"]
[SourceQuality "1"]

{[%evp 13,74,5,20,-2,4,-13,-7,-12,-8,-22,-14,-19,-12,-19,0,-24,-22,-25,-20,-18,-15,-52,-46,-45,-45,-45,-29,-68,-71,-56,-33,-60,-76,-72,-72,-101,-97,-103,-85,-93,-72,-220,-226,-289,-289,-779,-765,-785,-785,-765,-774,-765,-765,-747,-743,-740,-732,-710,-715,-683,-658,-29971,-29971]} 1. Nf3 d5 2. c4 c6 3. e3 Nf6 4. Nc3 Bf5 5. d4 e6 6. Be2 Nbd7 7. O-O Bd6 8. h3 {D12: Slav Defence: 3 Nf3 Nf6 4 e3 Bf5.} h6 9. b3 O-O 10. Bb2 {The position is equal.} Qe7 11. a3 Ne4 {[#]} 12. Nd2 $146 ({Predecessor:} 12. Re1 Rad8 13. Bf1 Bh7 14. b4 Ndf6 15. Nxe4 Nxe4 16. Qb3 Rc8 17. Rac1 Rcd8 18. Red1 {1-0 (45) Stachowiak,K (2402)-Chojnacki,S (2273) Gora Sw Anny 2010}) 12... Nxc3 13. Bxc3 Nf6 (13... Bxa3 14. c5 $16) 14. Qc1 Ne4 15. Nxe4 Bxe4 16. c5 Bc7 17. f4 Kh7 18. Bf3 f5 19. Bxe4 dxe4 20. Kh2 g5 21. g3 Rg8 22. Qd2 Rg6 23. Rg1 Rag8 24. Qf2 h5 25. Bd2 Qg7 26. Raf1 Qh6 27. b4 {White does not recover from this.} (27. Qe1 $17 {might work better.}) 27... h4 $19 {And now ...hxg3+ would win.} 28. gxh4 {[#]} g4 $1 {[%cal Rg4g3]} ({And not} 28... Qxh4 29. Qxh4+ gxh4 30. Be1 $14) ({Weaker is} 28... gxh4 29. Qe2 $11) 29. Qg3 $2 (29. hxg4 Rxg4 30. Be1) 29... Qh5 30. Be1 gxh3 {[%mdl 64] Overworked Piece} 31. Qxh3 Rxg1 32. Rxg1 Qe2+ 33. Rg2 Qxe1 34. Rxg8 Kxg8 35. Qg2+ Kf7 36. Qg5 Qe2+ 37. Kh3 Qxe3+ {[%mdl 64] Double Attack.  Weighted Error Value: White=0.65/Black=0.04} 0-1

[Event "FIDE Online-ch U14 Open 2020"]
[Site "Online"]
[Date "2020.12.19"]
[Round "1.2"]
[White "Simpson, Michael M"]
[Black "Gukesh D"]
[Result "0-1"]
[WhiteElo "1995"]
[BlackElo "2563"]
[Annotator "TA"]
[PlyCount "60"]
[EventDate "2020.12.19"]
[EventType "k.o."]
[EventCountry "NET"]
[SourceTitle "playchess.com"]
[Source "ChessBase"]
[SourceQuality "1"]

{[%evp 29,60,54,132,66,69,85,128,120,98,55,64,30,30,3,0,0,0,-3,34,-10,-5,-23,2,-429,-431,-368,-314,-699,-579,-29981,-12103,-4388,-3445]} 1. e4 c5 2. Nf3 Nc6 3. d4 cxd4 4. Nxd4 Nf6 5. Nc3 e5 6. Ndb5 d6 7. Bg5 a6 8. Na3 b5 9. Bxf6 gxf6 10. Nd5 Bg7 11. Bd3 Ne7 12. Nxe7 Qxe7 13. O-O O-O 14. c4 f5 15. Qh5 Qb7 {[#] 15...d5 gains popularity.} ({Black should try} 15... Rb8 $14) 16. cxb5 $146 {B33: Sicilian: Pelikan and Sveshnikov Variations.} (16. Rfe1 $16) ({Predecessor:} 16. Rfe1 d5 17. exd5 e4 18. Bf1 Bxb2 19. Rab1 Bg7 20. Nc2 Qd7 21. g3 Qd6 22. Ne3 f4 23. Nf5 Bxf5 24. Qxf5 {1-0 (45) Harikrishna,P (2693)-Wang,Y (2690) Zaozhuang 2012}) 16... fxe4 $14 17. bxa6 Rxa6 18. Bxa6 {White is better.} Qxa6 19. Rfe1 d5 20. Qe2 Qg6 21. Nb5 Bg4 (21... f5 {with more complications.} 22. Kh1 f4 23. Nc7 f3 24. gxf3 Bh3) 22. Qf1 d4 23. Kh1 d3 24. f3 exf3 25. gxf3 Qc6 26. Re4 $2 {[%mdl 8192] This costs White the game.} (26. Re3 $1 $11 {and White is okay.}) 26... f5 $19 27. Re3 e4 {[%mdl 64] Discovered Attack} ({Not} 27... Qxb5 28. fxg4 Qd5+ 29. Qg2 $11) 28. fxg4 $2 {[#]} (28. Rc1 Qb6 29. fxg4 Qxe3 30. gxf5) 28... f4 $1 {[%cal Rf4e3]} ({But not} 28... Qxb5 $2 29. gxf5 Rxf5 30. Qh3 $18) 29. Rg3 fxg3 {[%mdl 64] Discovered Attack} 30. Qg2 Qxb5 {Accuracy: White = 21%, Black = 68%.} 0-1

[Event "FIDE Online-ch U14 Open 2020"]
[Site "Online"]
[Date "2020.12.19"]
[Round "1.2"]
[White "Toumi Mohamed-Jad"]
[Black "Yoo, Christopher Woojin"]
[Result "0-1"]
[WhiteElo "1824"]
[BlackElo "2455"]
[Annotator "TA"]
[PlyCount "92"]
[EventDate "2020.12.19"]
[EventType "k.o."]
[EventCountry "NET"]
[SourceTitle "playchess.com"]
[Source "ChessBase"]
[SourceQuality "1"]

{[%evp 14,92,27,16,23,0,0,-11,-7,-30,-20,-15,0,-17,-16,-68,-75,-80,-54,-113,-18,-49,-21,-46,-48,-54,-47,-52,-42,-47,-52,-53,-52,-52,-52,-60,-44,-44,-36,-39,-42,-55,-56,-176,-184,-368,-356,-368,-374,-368,-367,-365,-372,-368,-330,-587,-574,-545,-525,-510,-445,-415,-400,-438,-445,-629,-621,-905,-864,-672,-593,-2151,-2158,-935,-897,-864,-774,-709,-681,-603,-516]} 1. e4 c5 2. Nf3 e6 3. d4 cxd4 4. Nxd4 Nf6 5. Nc3 Nc6 6. Be3 d6 7. Bb5 Bd7 8. O-O Be7 {B56: Classical Sicilian: Unusual Lines.} 9. f3 O-O 10. Qd2 a6 {The position is equal.} 11. Ba4 {[#]} Ne5 $146 ({Predecessor:} 11... b5 12. Nxc6 Bxc6 13. Bb3 Qc7 14. Rfd1 b4 15. Ne2 d5 16. exd5 Nxd5 17. Bxd5 Bxd5 {0-1 (36) Piacentini,C (2162)-Wagener,C (2267) Belgium 2017}) 12. Bb3 Rc8 13. Qe2 Qc7 14. f4 (14. a4 $11) 14... Nc4 $15 15. Bxc4 Qxc4 16. h3 {[#]} (16. Qf3 $15) 16... b5 (16... Qxe2 $1 $17 17. Ndxe2 Bc6) 17. e5 dxe5 18. fxe5 {Threatens to win with Qxc4.} Qxe2 19. Ndxe2 Ne8 20. Rfd1 Bc6 21. a3 Nc7 22. Rd3 Rfd8 23. Rad1 Rxd3 24. Rxd3 a5 25. Nd4 Be8 26. Ne4 Nd5 27. Bg5 f6 {Hoping for ...Bg6.} 28. exf6 {Black converts the advantage convincingly.} (28. Nxe6 $15 Kf7 29. Nf4 (29. Rxd5 $2 Kxe6 {[%mdl 64] Double Attack} 30. Rd2 fxg5 $19) (29. exf6 gxf6 30. Nf4 Nxf4 $17)) 28... gxf6 $19 29. Bh6 $2 {[#]} (29. Nxe6 {only move.} Bg6 30. Nd6) 29... Bg6 $1 30. Rg3 Kf7 31. Nf2 e5 32. Nxb5 Rxc2 {White must now prevent ...Bc5.} 33. Nd1 f5 {...f4 is the strong threat.} 34. Nbc3 $2 (34. Rd3 {might work better.} Nb6 35. Nd6+ Ke6 36. Nb5) 34... f4 35. Rf3 Nxc3 36. Rxc3 Rd2 37. Nf2 Rxb2 38. Ng4 Ke6 {Black is clearly winning.} 39. Rc6+ (39. g3 $142 fxg3 40. Rxg3) 39... Kd5 40. Ra6 Bc5+ 41. Kh2 Bb6 42. Nxe5 Be4 43. Rxb6 Rxg2+ 44. Kh1 Rb2+ 45. Kg1 Rxb6 46. Bxf4 Rb1+ {Weighted Error Value: White=0.65/Black=0.13} 0-1

[Event "FIDE Online-ch U14 Open 2020"]
[Site "Online"]
[Date "2020.12.19"]
[Round "1.2"]
[White "Mohamed Abderrahim, Taleb Mohamed"]
[Black "Murzin, Volodar"]
[Result "0-1"]
[WhiteElo "1811"]
[BlackElo "2470"]
[Annotator "TA"]
[PlyCount "98"]
[EventDate "2020.12.19"]
[EventType "k.o."]
[EventCountry "NET"]
[SourceTitle "playchess.com"]
[Source "ChessBase"]
[SourceQuality "1"]

{[%evp 9,98,-41,-33,-34,-41,-45,-48,-105,-75,-103,-87,-72,-85,-259,-260,-231,-204,-266,-264,-254,-259,-300,-311,-465,-434,-543,-497,-654,-644,-798,-783,-972,-964,-946,-906,-1142,-1019,-975,-911,-838,-825,-823,-708,-708,-707,-705,-699,-694,-702,-701,-701,-694,-686,-858,-843,-862,-734,-905,-905,-873,-860,-997,-897,-840,-991,-968,-959,-1185,-1185,-1168,-1129,-1537,-1537,-6519,-6219,-29976,-29977,-29977,-29978,-29978,-29979,-29979,-29980,-29980,-29981,-29981,-29982,-29976,-11866,-29989,-29990]} 1. e4 c5 2. a3 Nf6 3. e5 Nd5 4. c4 Nb6 5. b4 d6 $1 6. exd6 {B20: Sicilian: Unusual White 2nd moves.} exd6 7. Bb2 Nc6 8. b5 {[#]} (8. Nf3 $15) 8... Qe7+ $146 ({Predecessor:} 8... Ne5 9. d3 Qe7 10. Be2 Bf5 11. Kd2 Qg5+ 12. Kc2 Qxg2 13. Bxe5 dxe5 14. Bf3 Qxf2+ {0-1 (20) Barahona Torrijos,A (1848)-Nunez Miranda,A (2143) Madrid 2016}) 9. Qe2 Ne5 10. Bxe5 dxe5 11. Nf3 $2 {This move loses the game for White.} (11. a4 $17) 11... e4 $19 12. Ng1 g6 13. Nc3 Bg7 14. Rc1 O-O 15. g3 Be6 16. Nxe4 (16. Nd1 $142) 16... Rfe8 17. d3 f5 18. Nd2 Qd7 19. Kd1 Bxc4 20. dxc4 Rxe2 21. Bxe2 Rd8 {[%csl Gd8][%cal Rd7d2] [#]} 22. Rc2 Na4 {aiming for ...Qd4!} 23. Ngf3 Nc3+ 24. Rxc3 Bxc3 25. Kc2 Bxd2 26. Rd1 Qe7 27. Rxd2 Qe4+ 28. Kc1 Rxd2 29. Kxd2 Qb1 30. Ne1 Kg7 31. Nc2 Qg1 32. Ke3 Qxh2 33. Ne1 Qh6+ 34. f4 g5 35. Nf3 gxf4+ 36. gxf4 Qe6+ 37. Ne5 Qd6 38. Bd3 Qd4+ 39. Kf3 Kf6 40. a4 h5 41. a5 h4 42. b6 axb6 43. axb6 h3 44. Bf1 h2 45. Bg2 {[#]} h1=Q $1 46. Bxh1 Qe4+ 47. Kg3 Qxh1 48. Nd7+ Ke7 49. Nxc5 Qg1+ {[%mdl 64] Double Attack.  Weighted Error Value: White=0.78/Black=0.14} 0-1